| 000 | 00524nam a2200181Ia 4500 | ||
|---|---|---|---|
| 008 | 090124s9999 xx 000 0 und d | ||
| 082 | _b45651 | ||
| 100 | _aसावंत वसंत | ||
| 245 | _a शालेय ग्रंथालय | ||
| 250 | _a1 | ||
| 260 | _c1997 | ||
| 300 | _a192+04 | ||
| 600 | _aसावंत वसंत | ||
| 630 | _a शालेय ग्रंथालय | ||
| 700 | _aसावंत वसंत | ||
| 730 | _a शालेय ग्रंथालय | ||
| 942 | _cBOOK | ||
| 999 |
_c111868 _d111868 |
||